=LDR 00000nam 2200000 4500 =001 INLIS000000000021702 =005 20130612120533 =008 ***********************************Ind** =035 ##$$0010-061300000021702 =041 ##$$a Ind =082 ##$$a 650 =090 ##$$a 650, Kas-s =100 ##$$a KASMIR =245 ##$$a Studi Kelayakan Bisnis, Kasmir, SE., Jakfar., MM =260 ##$$a 2004 $b Jakarta =300 ##$$a 386 hlm., ilus., 23 cm =650 ##$$a Bisnis-Studi =850 ##$$a NBPNMAT =990 ##$$a 20616988 =990 ##$$a 65676567 =990 ##$$a 01201806567 =990 ##$$a 20616988